[Event "Online Olym Div2 A"]
[Site "Chess.com INT"]
[Date "2021.09.02"]
[Round "3.5"]
[White "Gelip, Ioana"]
[Black "Zairbek Kyzy, Begimay"]
[Result "1/2-1/2"]
[WhiteElo "2185"]
[BlackElo "1921"]
[PlyCount "179"]
[EventDate "2021.09.02"]
[EventType "team (rapid)"]
[EventRounds "9"]
[EventCountry "USA"]
[SourceTitle "CBM 204 Extra"]
[Source "ChessBase"]
[SourceDate "2021.11.30"]
[SourceVersion "1"]
[SourceVersionDate "2021.11.30"]
[SourceQuality "1"]
[WhiteTeam "Ireland"]
[BlackTeam "Kyrgyzstan"]
[WhiteTeamCountry "IRL"]
[BlackTeamCountry "KGZ"]

1. e4 c6 2. Nc3 d5 3. Nf3 Bg4 4. h3 Bxf3 5. Qxf3 e6 6. b3 Nf6 7. Bb2 Be7 8. g4 h6 9. Bg2 Nbd7 10. 0-0 0-0 11. d4 Rc8 12. Qg3 dxe4 13. Nxe4 Nxe4 14. Bxe4 Nf6 15. Bg2 Qc7 16. Qxc7 Rxc7 17. f4 Nd5 18. Be4 Bf6 19. Rae1 c5 20. Bxd5 exd5 21. Rd1 Re8 22. Rfe1 Rce7 23. Rxe7 Rxe7 24. Ba3 Re2 25. dxc5 Rxc2 26. Rxd5 Rxa2 27. Bb4 a5 28. c6 bxc6 29. Rxa5 Rb2 30. Ra3 Bd4+ 31. Kh1 c5 32. Ba5 Rf2 33. Bc7 Rf3 34. Kg2 Rf2+ 35. Kg3 Rc2 36. Ra8+ Kh7 37. Rb8 Bc3 38. Rf8 f6 39. Rd8 Be1+ 40. Kf3 Rc3+ 41. Ke2 Bh4 42. Rd3 Rc2+ 43. Rd2 Rc1 44. Bd6 Re1+ 45. Kd3 Rh1 46. Kc4 Rxh3 47. Bxc5 Be1 48. Re2 Rc3+ 49. Kd4 Rc1 50. b4 Bc3+ 51. Kd5 Rf1 52. f5 Rd1+ 53. Kc6 Rc1 54. Kb6 h5 55. gxh5 Rf1 56. Bf8 Kg8 57. Bd6 Rxf5 58. Rh2 Kh7 59. b5 Rd5 60. Bc7 Bd4+ 61. Ka6 Kh6 62. b6 Bxb6 63. Kxb6 Rxh5 64. Rg2 Rd5 65. Kc6 Rd1 66. Bd6 g5 67. Kd7 f5 68. Ke6 Kg6 69. Bf4 Re1+ 70. Kd5 g4 71. Be5 Kg5 72. Bc3 Re8 73. Be5 f4 74. Ke4 f3 75. Rf2 Ra8 76. Bf4+ Kg6 77. Rf1 Ra4+ 78. Ke3 Kf5 79. Bc7 Re4+ 80. Kf2 Re2+ 81. Kg3 Rg2+ 82. Kh4 Ke4 83. Bb6 Kf4 84. Bc7+ Ke3 85. Bb6+ Ke2 86. Ra1 f2 87. Bxf2 Kxf2 88. Ra2+ Kf3 89. Rxg2 Kxg2 90. Kxg4 1/2-1/2

[Event "Asian Online (Women)"]
[Site "Tornelo INT"]
[Date "2021.08.23"]
[Round "2"]
[White "Zairbek Kyzy, Begimay"]
[Black "Galas, Bernadette"]
[Result "1-0"]
[WhiteElo "1921"]
[BlackElo "2065"]
[PlyCount "127"]
[EventDate "2021.08.23"]
[EventType "swiss (rapid)"]
[EventRounds "9"]
[EventCountry "NET"]
[SourceTitle "CBM 204 Extra"]
[Source "ChessBase"]
[SourceDate "2021.11.30"]
[SourceVersion "1"]
[SourceVersionDate "2021.11.30"]
[SourceQuality "1"]

1. e4 c5 2. d4 cxd4 3. c3 d3 4. Bxd3 Nc6 5. Nf3 d6 6. h3 Nf6 7. 0-0 g6 8. c4 Bg7 9. Nc3 0-0 10. Qe2 Nd7 11. Rd1 Nde5 12. Be3 Nxf3+ 13. Qxf3 Be6 14. Rac1 Qa5 15. a3 Rfc8 16. Qe2 Ne5 17. Nd5 Qd8 18. f4 Nxd3 19. Rxd3 Qe8 20. Bd4 Bh6 21. Qf2 Bxd5 22. exd5 e5 23. dxe6 Qxe6 24. b3 d5 25. c5 Re8 26. Ba1 Qe4 27. Qb2 d4 28. Qxd4 Qxd4+ 29. Rxd4 Re3 30. Rb4 Re7 31. Rd1 Bg7 32. Bxg7 Kxg7 33. Rbd4 Re3 34. R1d3 Rxd3 35. Rxd3 Rc8 36. b4 Rc7 37. Kf2 Kf6 38. g4 Ke7 39. Kf3 Rc6 40. Ke4 Re6+ 41. Kd5 Kd7 42. a4 Re1 43. b5 Kc7 44. a5 b6 45. cxb6+ axb6 46. a6 Rb1 47. Rc3+ Kd7 48. Kc4 Kc7 49. Re3 Rc1+ 50. Kd4 Rd1+ 51. Kc3 Rc1+ 52. Kd2 Rb1 53. Re7+ Kd6 54. Re8 Ra1 55. Rc8 Ra3 56. Rc6+ Kd7 57. Rxb6 Kc7 58. Rb7+ Kc8 59. Rxf7 Rb3 60. Rb7 Rxh3 61. b6 Ra3 62. Rc7+ Kb8 63. a7+ Ka8 64. Rc8+ 1-0

[Event "Cheliabinsk Lozovatsky Memorial-A"]
[Site "Cheliabinsk"]
[Date "2021.01.17"]
[Round "4"]
[White "Tsyhanchuk, Stanislav"]
[Black "Zairbek Kyzy, Begimay"]
[Result "1-0"]
[WhiteElo "2322"]
[BlackElo "1932"]
[PlyCount "105"]
[EventDate "2021.01.15"]
[EventType "swiss"]
[EventRounds "10"]
[EventCountry "RUS"]
[SourceTitle "CBM 200 Extra"]
[Source "ChessBase"]
[SourceDate "2021.03.31"]
[SourceVersion "1"]
[SourceVersionDate "2021.03.31"]
[SourceQuality "1"]

1. e4 c6 2. d4 d5 3. e5 Bf5 4. h4 h6 5. g4 Bd7 6. h5 e6 7. f4 c5 8. c3 Nc6 9. Nf3 Qb6 10. Rh2 0-0-0 11. Be3 Kb8 12. a3 f6 13. b4 cxd4 14. cxd4 fxe5 15. fxe5 Nge7 16. Nc3 Rc8 17. Rc1 g6 18. Na4 Qd8 19. Nc5 gxh5 20. Rxh5 Rg8 21. Bh3 Ng6 22. Bxh6 Bxh6 23. Rxh6 b6 24. Nd3 Qf8 25. Rh7 Rg7 26. Rxg7 Qxg7 27. b5 Na5 28. Rxc8+ Bxc8 29. Qc1 Qh7 30. Nf2 Nc4 31. Bf1 Na5 32. Qg5 Nf8 33. Bd3 Qc7 34. Qd2 Qf7 35. Ke2 Nc4 36. Qc3 Bb7 37. g5 Ng6 38. Bxg6 Qxg6 39. Qd3 Qe8 40. a4 a6 41. Qh7 Qf8 42. g6 Qa3 43. g7 Qe3+ 44. Kf1 Qc1+ 45. Ne1 Ne3+ 46. Ke2 Nf5 47. g8Q+ Ka7 48. Qgf7 Qc4+ 49. Kf3 Nxd4+ 50. Kg2 Qc8 51. Qc7 Qa8 52. a5 bxa5 53. b6# 1-0